Music Quiz

Random Music or The Beatles Quiz

Beatles People Songs Quiz Stats

 Plays Quiz Updated Nov 19, 2018

     
Support Sporcle.
Go Orange.
Score 0/22 Timer 07:00
4 Plays Today
Lyrical Description Song Title/Person % Correct
'A girl with kaleidoscope eyes'Lucy in the Sky With Diamonds
84.5%
'Lives in a dream, waits at the window'Eleanor Rigby
78.3%
'Remember to let her into [his] heart, then [he] can start to make it better'Hey Jude
77.2%
'Children at [her] feet, wonder how [she] manage[s] to make ends meet'Lady Madonna
73.6%
'I am he as you are he as you are me and we are all together'I Am the Walrus
67.5%
'If you get too cold, [he]'ll tax the heat, if you take a walk, [he]'ll tax your feet'Taxman
64.3%
'She's a big teaser, she took me half the way there'Day Tripper
59%
'Filling in a ticket in her little white book'Lovely Rita
58.3%
'Doesn't have a point of view, knows not where he's going to'Nowhere Man
56.9%
'I will say the only words I know that [she]'ll understand'Michelle
51.7%
'Had come equipped with a gun to shoot off the legs of his rival'Rocky Raccoon
49.3%
Lyrical Description Song Title/Person % Correct
'Performs his feats on Saturday at Bishopsgate ... flies through the ring, don't be late''Being For the Benefit of Mr. Kite!
48.7%
'[He] sees the sun going down and the eyes in his head see the world spinning round'The Fool on the Hill
45%
'Rose and Valerie screaming from the gallery say he must go free'Maxwell's Silver Hammer
41.8%
'She's so goodlooking but she looks like a man'Polythene Pam
40.3%
'A pretty nice girl but she doesn't have a lot to say' Her Majesty
32.2%
'Went out tiger hunting with his elephant and gun'The Continuing Story of Bungalow Bill
31.5%
'Sleeps in the park, shaves in the dark, trying to save paper'Mean Mr. Mustard
30.5%
'You're a new and better man, he helps you to understand, he does ev'rything he can'Doctor Robert
24.1%
'Her hair of floating sky is shimmering, glimmering, in the sun''Julia
22.4%
'[She] and me were meant to be for each other, silly girl'Martha My Dear
22%
'We gave her everything we owned just to sit at her table'Sexy Sadie
18.3%

From the Vault

Close-Up 'W' Images

by Chenchilla

'W' things are just wonderful.
Remove Ads.
Support Sporcle.
Get the best of Sporcle when you Go Orange. This ad-free experience offers more features, more stats, and more fun while also helping to support Sporcle. Thank you for becoming a member.

Show Comments

Extras

Top Quizzes Today


Score Distribution

Your Account Isn't Verified!

In order to create a playlist on Sporcle, you need to verify the email address you used during registration. Go to your Sporcle Settings to finish the process.

Report this User

Report this user for behavior that violates our Community Guidelines.

Details: